000 00267nam a2200097Ia 4500
008 241105s9999 xx 000 0 und d
041 _aeng
100 _aKothari Sneha
245 _aFacilities Center At Pilgrimage Town Jejuri
260 _bFinal Year B. Arch, BNCA
_c2014
999 _c360862
_d360862